Dispositivo práctico y sencillo para almacenar y transportar artropodos en el campo (Registro nro. 15028)

Detalles MARC
000 -CABECERA
Campo de control 003830000a22001210004500
090 ## - CLASIFICACIÓN LOCAL
Colección AS
Consecutivo Seriadas
041 0# - IDIOMA
Código de idioma para texto/pista de sonido o título separado
100 1# - ASIENTO PRINCIPAL--NOMBRE PERSONAL
Nombre personal Flórez Daza, Eduardo
245 10 - MENCION DE TITULO
Título Dispositivo práctico y sencillo para almacenar y transportar artropodos en el campo
700 1# - ASIENTO SECUNDARIO - NOMBRE PERSONAL
Nombre personal Galvis Hurtado, Carlos E.
773 1# - Item fuente:
Título Cespedesia
Especificación de materiales 124
Descripción física 66
Paginas del Articulo 203-207
Lugar, editorial y fecha de publicación 1995
Información sobre la relación 20
942 ## - ELEMENTOS ADICIONALES (KOHA)
Tipo de ítem Artículo

No hay ítems disponibles.